| 000 | 01818nam0a2200373 4500 | ||
|---|---|---|---|
| 001 | RU\NLR\bibl\257937 | ||
| 005 | 20250620125023.0 | ||
| 021 |
_aRU _b2001-60960 _92973 |
||
| 035 | _a(NLR Aleph) 000253676 | ||
| 090 |
_a1480622 _c1480622 |
||
| 100 | _a20020419d2001 |||y0rusy50 ca | ||
| 101 | 0 | _arus | |
| 102 | _aRU | ||
| 105 | _aa ||||||||| | ||
| 200 | 1 |
_aСистема машин в лесном хозяйстве. Машины и механизмы _eУчеб. пособие для студентов специальностей 260400 и 260500 _fГ. В. Силаев, А. А. Золотаревский _gМ-во образования Рос. Федерации, Моск. гос. ун-т леса |
|
| 210 |
_aМ. _cИзд-во Моск. гос. ун-та леса _d2001 |
||
| 215 |
_a96 с. _cил. _d21 |
||
| 320 | _aБиблиогр.: с. 93-94 | ||
| 606 | 0 |
_aЛесокультурные машины и орудия _jРуководства, пособия и т.п. _91172318 _3RU\NLR\auth\66152987 |
|
| 606 | 0 |
_aЛесохозяйственные машины _jУчебные издания для высшей школы _92103387 _3RU\NLR\auth\661271861 |
|
| 610 | 0 | _aЛесохозяйственные работы - Механизация | |
| 610 | 0 | _aЛесохозяйственные машины и орудия | |
| 675 |
_a630.002.5(075.8) _v3 _zrus |
||
| 686 |
_a68.47 _2rugasnti |
||
| 686 |
_a43.4я73 _2rubbk |
||
| 686 | _aП343.2я73 | ||
| 700 | 1 |
_aСилаев _bГ. В. _gГеннадий Владимирович _4070 |
|
| 701 | 1 |
_aЗолотаревский _bА. А. _gАлександр Алексеевич _4070 |
|
| 801 | 0 |
_aRU _bRKP _c20020419 _gPSBO |
|
| 801 | 1 |
_aRU _bRKP _c20020419 |
|
| 801 | 2 |
_aRU _bNLR _c20020606 _grcr |
|
| 942 | _cBOOK | ||
| 980 | _aNB | ||